Регионална библиотека "Любен Каравелов" - Русе

Евангелието по Исуса Христа (Запис номер 88838)

MARC детайли
000 -Лидер
Контролно поле с фиксирана дължина 01333nam a2200325 c 4500
003 - Код на организацията, давaща контролен номер
Контролно поле BLK
005 - Дата и час на последна редакция
Контролно поле 20200820144910.0
008 - Елементи от данни с фиксирана дължина
fixed length control field 180408b bul|||||r ||||||| ||bul||
010 ## - Наследен системен номер
LC control number KNG00093531000
020 ## - Международен стандартен номер на книга ISBN
Международен стандартен номер на книга ISBN 978-954-529-548-5
040 ## - Източник на каталожния запис
Идентификатор на билиотеката - собственик на записа BLK
041 ## - Код за език
Код за езика на текст/звукозапис или на отделно заглавие Български
Код за езика КДБФ Български
080 ## - УДК
Текстов определител УДК Португалска литература
УДК код - определител по УДК 821.134.3
УДК определител -31
УДК - код + определител 821.134.3-31
100 1# - Редна дума - Автор
Автор Сарамагу, Жузе
Авторска отговорност първи автор
R(LIN) 283459
139 ## - Редно поле
Редна дума Сарамагу, Жузе
Авторски знак Сар - С 20
245 10 - Сведения за заглавието
Заглавие Евангелието по Исуса Христа
Подзаглавни данни Роман
Редно поле (дума) Жузе Сарамагу; * Жозе Сарамаго; прев. от португ. Даринка Кирчева.
257 ## - Страна на издаване
Страна на създаване/издаване Португалия
260 ## - Област на издателските данни
Име на издателя, разпространителя и проч. Колибри
Година на издаване 2007
Печатница София : Симолини
300 ## - Физическа характеристика
Страници 366 с.
Размери/Мащаб 20 см
380 ## - Жанр
Жанр Худож. лит.
490 1# - СЕРИИ (Колекции)
Име на серия Съвременна европейска проза
500 ## - Общи забележки
Забележка Ориг. загл. Evangelho segundo Jesus Cristo / Jose Saramago.
700 1# - Други автори (авторска отговорност)
Лично име Сарамаго, Жозе
Автороска отговорност (Описва отношението между автора и произведението) *
Друга информация Сарамагу, Жузе
9 (RLIN) 118946
700 1# - Други автори (авторска отговорност)
Лично име Кирчева, Даринка Костадинова
9 (RLIN) 260622
852 ## - Местоположение
Форматна сигнатура Цб 246518
856 4# - Електронен адрес и достъп
Електронен формат pdf - файл
856 4# - Електронен адрес и достъп
Електронен формат pdf - файл
999 ## - СИСТЕМНИ КОНТРОЛНИ НОМЕРА
Koha biblionumber 88838
Koha biblioitemnumber 88838
942 ## - АРТИКУЛИ
Вид на библиотечния материал Книги
Скрит в OPAC Не
Koha issues (borrowed), all copies 6
944 ## - СЪЗДАВАНЕ И РЕДАКЦИЯ на ЗАПИСА
Създаване/Редакция Създаване
Дата на регистрацията/редакция 18.01.2010
Статус, дата на статуса ф /
Служител, извършил регистрацията/редакцията Геновева_Генчева
944 ## - СЪЗДАВАНЕ И РЕДАКЦИЯ на ЗАПИСА
Създаване/Редакция Редакция
Дата на регистрацията/редакция 18.02.2010
Статус, дата на статуса ф /
999 ## - СИСТЕМНИ КОНТРОЛНИ НОМЕРА
Koha biblioitemnumber 88838
999 ## - СИСТЕМНИ КОНТРОЛНИ НОМЕРА
Koha biblioitemnumber 88838
Наличности
Код за отписване Код за изгубен артикул Код за повреда Коз за рестрикции Код за отдаване Артикулен № Име на библиотеката - собственик Име на библиотеката, в която се намира в момента Статус (Текущо местоположение) Дата на вписване в системата Местоположение - отдел Цена в лева Инвентарен номер Систематично азбучна сигнатура Баркод Номер на екземпляра Цена в евро Служебна бележка Служебен тип на артикула Източник на класификационната схема
  Не е изгубен Не е повреден без рестрикции ползва се в читалня 143947 Регионална библиотека "Любен Каравелов" Русе Регионална библиотека "Любен Каравелов" Русе Хранилище 2010-01-18 Хранилище 12.00 120000740853 Цб 246518 120000740853 1 6.14 Дост: Dp Вид: Д N: 26 Дата: 17.06.2009 Книги  
  Не е изгубен Не е повреден без рестрикции заемане за дома 684063 Регионална библиотека "Любен Каравелов" Русе Регионална библиотека "Любен Каравелов" Русе Заемна - подръчен фонд 2018-12-04 Заемна - подръчен фонд 6.00 120000826391 П 869.0-31/С 20 120000826391   3.07   Книги Universal Decimal Classification
Vip Innovations Ltd, Rousse, Bulgaria 2025